01221nas a2200289Ia 4500001001100000003000900011008004100020040001300061040001300074041001300087100004700100210001700147222001700164245011800181250001100299260002900310501008600339300001700425362003300442500013100475650003600606700001900642700002900661942000700690999001900697952021500716R035/44093IT-RoPAU151124c99999999xx |||||||||||| ||und|| aIT-RoPAU cIT-RoPAU aITALIANO aThompson KristingCodice Aut. SPICS: 14595 aSEGNO CINEMA aSegno Cinema aSEGNO CINEMA, ANNO 04-N.13 (MAGGIO 1984)bLinearita', Materialismo E Lo Studio Del Cinema Americano Delle Origini a1a ed. aVICENZAbCINEFORUMc1984 bPaulus - SPICS - Società San Paolo EM (non-commercial uses only)cCopyright2015 a7 p. [10-16] aANNO 004, N.13 (MAGGIO 1984) aSpeciale Critica Cinematografica Americana. Contro le Tesi di Noel Burch per una Storia Non Lineare del Cinema Muto Americano. aCINEMAvPUBBLICAZIONE PERIODICA aBordwell David gCodice Aut. SPICS: 12219 cCR c116651d116651 0010406R_035_44093000000000071aSPICSbSPICSd2015-11-25l0oR035/44093r2015-11-25 00:00:00w2015-11-25yCRzProgr. Ins: 35646 / Copia rara: NO / date import: 25.11.2015 / By Epidotti, Trombetti, Vaglietti